Disney Scene Premises - Statistics

General Stats
  • This quiz has been taken 72 times
  • The average score is 14 of 20
Answer Stats
Hint Answer % Correct
Mexico
94%
China
91%
Oceania
89%
Greece
85%
Scotland
85%
Norway
83%
France
80%
India
70%
England
70%
Italy
69%
Middle-East
67%
Peru
67%
New York
61%
Columbia
59%
Germany
59%
Equatorial Africa
57%
Tanzania
50%
Maine
48%
Egypt
46%
Florida
39%
No matching quizzes found
Score Distribution
Percent of People with Each Score
Percentile by Number Answered
Your Score History
You have not taken this quiz